书目信息 |
| 题名: |
王船山诗文集
|
|
| 作者: | 程瞻庐 著 | |
| 分册: | 上 | |
| 出版信息: | 长春 吉林文史出版社 1986 |
|
| 页数: | 279页 | |
| 开本: | 19cm | |
| 丛书名: | 晚清民国小说研究丛书 | |
| 单 册: | ||
| 中图分类: | I211 , I246.4 | |
| 科图分类: | ||
| 主题词: | 章回小说--中国--现代 , 文学--作品集--中国 | |
| 电子资源: | ||
| ISBN: | ||
| 000 | 00715nam2 2200265 45 | |
| 001 | 1533595397 | |
| 005 | 20150127152438.56 | |
| 010 | @dCNY2.65 | |
| 100 | @a19951106d1986 em y0chiy0121 ea | |
| 101 | 0 | @achi |
| 102 | @aCN@b220000 | |
| 105 | @ay z 000yy | |
| 200 | 10 | @a王船山诗文集@h上@Awang chuan shan shi wen ji@f程瞻庐著 |
| 210 | @a长春@c吉林文史出版社@d1986 | |
| 215 | @a279页@d19cm | |
| 225 | 2 | @a晚清民国小说研究丛书 |
| 410 | 0 | @120010@a晚清民国小说研究丛书 |
| 606 | @a章回小说@y中国@z现代 | |
| 606 | 0 | @a文学@x作品集@x中国 |
| 690 | @aI211@v4 | |
| 690 | @aI246.4@v3 | |
| 701 | 0 | @a程瞻庐@4著@Acheng zhan lu |
| 801 | 0 | @aCN@bTSSF@c20150127 |
| 801 | 2 | @aCN@bNLC |
| 905 | @aZUCC@dI211@eJY123:1 | |
| 王船山诗文集.上/程瞻庐著.-长春:吉林文史出版社,1986 |
| 279页;19cm.-(晚清民国小说研究丛书) |
| ISBN :CNY2.65 |
| ● |
| 相关链接 |
|
|
|
|
正题名:王船山诗文集
索取号:I211/JY123:1
 
预约/预借
| 序号 | 登录号 | 条形码 | 馆藏地/架位号 | 状态 | 备注 |
| 1 | 7837876 | 278378765 | 学院路分馆/ [索取号:I211/JY123:1] | 在馆 | |
| 2 | 7855288 | 278552889 | 学院路分馆/ [索取号:I211/JY123:1] | 在馆 |